The bat boy & his violin / (Record no. 162)

MARC details
000 -LEADER
fixed length control field 01410nam a22003737a 4500
001 - CONTROL NUMBER
control field 162
003 - CONTROL NUMBER IDENTIFIER
control field FISKH
005 - DATE AND TIME OF LATEST TRANSACTION
control field 20230301141826.0
008 - FIXED-LENGTH DATA ELEMENTS--GENERAL INFORMATION
fixed length control field
020 ## - INTERNATIONAL STANDARD BOOK NUMBER
International Standard Book Number 9780689841156
040 ## - CATALOGING SOURCE
Original cataloging agency DLC
Transcribing agency DLC
Modifying agency DLC
-- FISKH
Language of cataloging eng
042 ## - AUTHENTICATION CODE
Authentication code lcac
050 00 - LIBRARY OF CONGRESS CALL NUMBER
Classification number PZ7.C9415
Item number Bat 1998
082 00 - DEWEY DECIMAL CLASSIFICATION NUMBER
Classification number 511
Edition number 21
100 1# - MAIN ENTRY--PERSONAL NAME
Personal name Curtis, Gavin.
245 14 - TITLE STATEMENT
Title The bat boy & his violin /
Statement of responsibility, etc. by Gavin Curtis ; illustrated by E.B. Lewis.
250 ## - EDITION STATEMENT
Edition statement 1st ed.
260 ## - PUBLICATION, DISTRIBUTION, ETC.
Place of publication, distribution, etc. New York
Name of publisher, distributor, etc. Simon and Schuster
Date of publication, distribution, etc. 1998
300 ## - PHYSICAL DESCRIPTION
Extent 15 leaves of plates
Other physical details col. ill. ;
Dimensions 22 x 28 cm.
505 ## - FORMATTED CONTENTS NOTE
Formatted contents note K
520 ## - SUMMARY, ETC.
Summary, etc. Reginald is more interested in practicing his violin than in his father's job managing the worst team in the Negro Leagues, but when Papa makes him the bat boy and his music begins to lead the team to victory, Papa realizes the value of his son's passion.
521 8# - TARGET AUDIENCE NOTE
Target audience note 780
Source Lexile
521 8# - TARGET AUDIENCE NOTE
Target audience note K
Source Raz-Plus
650 #1 - SUBJECT ADDED ENTRY--TOPICAL TERM
Topical term or geographic name entry element Violin
Form subdivision Fiction.
650 #1 - SUBJECT ADDED ENTRY--TOPICAL TERM
Topical term or geographic name entry element Negro Leagues
Form subdivision Fiction.
650 #1 - SUBJECT ADDED ENTRY--TOPICAL TERM
Topical term or geographic name entry element Baseball
Form subdivision Fiction.
650 #1 - SUBJECT ADDED ENTRY--TOPICAL TERM
Topical term or geographic name entry element Fathers and sons
Form subdivision Fiction.
650 #1 - SUBJECT ADDED ENTRY--TOPICAL TERM
Topical term or geographic name entry element African Americans
Form subdivision Fiction.
700 1# - ADDED ENTRY--PERSONAL NAME
Personal name Lewis, Earl B.,
Relator term ill.
856 42 - ELECTRONIC LOCATION AND ACCESS
Materials specified Contributor biographical information
Uniform Resource Identifier <a href="http://www.loc.gov/catdir/bios/simon051/97025417.html">http://www.loc.gov/catdir/bios/simon051/97025417.html</a>
856 42 - ELECTRONIC LOCATION AND ACCESS
Materials specified Publisher description
Uniform Resource Identifier <a href="http://www.loc.gov/catdir/description/simon033/97025417.html">http://www.loc.gov/catdir/description/simon033/97025417.html</a>
906 ## - LOCAL DATA ELEMENT F, LDF (RLIN)
a 7
b cbu
c orignew
d 1
e ocip
f 19
g y-gencatlg
942 ## - ADDED ENTRY ELEMENTS (KOHA)
Source of classification or shelving scheme Dewey Decimal Classification
Koha item type Books
Suppress in OPAC No
Holdings
Withdrawn status Lost status Source of classification or shelving scheme Damaged status Not for loan Home library Current library Shelving location Date acquired Total Checkouts Full call number Barcode Date last seen Price effective from Koha item type
    Dewey Decimal Classification     Footprints International School Library Network Toul Kork Campus Footprints International School Library Network Toul Kork Campus TK Primary Library Room(4th Floor), Bookcase 3&4, Shelves 17-32, Yellow Books 03/01/2023   CUR 511 PZ7.C9415 FISTK01660 03/01/2023 03/01/2023 Books